000 00683pam a2200229 a 4500
001 3033598
005 20180109074844.0
008 950712r19961993nyu b 001 0beng
010 _a 95022877
020 _a0140144994 (pbk.)
040 _aDLC
_cDLC
_dDLC
041 _aeng
080 _a232.908
082 0 0 _a232.908 SAN
_220
100 1 _a24
101 _aTEO
245 1 4 _aThe historical figure of Jesus /
_cE.P. Sanders.
504 _aIncludes bibliographical references (p. 292-[314]) and indexes.
906 _a7
_bcbc
_corignew
_d1
_eocip
_f19
_gy-gencatlg
942 _2ddc
_cBK
999 _c39927
_d39927